[Event "Wch U20"]
[Site "Nakhchivan"]
[Date "2003.07.02"]
[Round "12"]
[White "Erenburg, Sergey"]
[Black "Mamedyarov, Shakhriyar"]
[Result "0-1"]
[WhiteElo "2499"]
[BlackElo "2605"]
[Annotator "Erenburg,S"]
[PlyCount "84"]
[EventDate "2003.06.22"]
[EventType "swiss"]
[EventRounds "13"]
[EventCountry "AZE"]
[SourceTitle "CBM 096"]
[Source "ChessBase"]
[SourceDate "2003.09.25"]
[SourceVersion "1"]
[SourceVersionDate "2003.09.25"]
[SourceQuality "1"]

{This game was played at the 12-th round, that means at before last one.
Mammedyarov had 8.5 points, while me was behind him with 8 points. So it was
clear, that this game is decisive in struggle for the first place, while me
needed only win...} 1. e4 c5 2. Nf3 d6 3. c3 Nf6 4. Be2 Nc6 5. d4 cxd4 6. cxd4
Nxe4 {Both of players are ready to go on sharp variation, that show their wish
to win this game!} 7. d5 Qa5+ 8. Nc3 Nxc3 9. bxc3 Ne5 10. O-O {Quite rare move
in comparison to} (10. Nxe5 {, which is calculated as a main line.} Qxc3+ 11.
Bd2 Qxe5 12. O-O a6 (12... Qxd5 $5 13. Rb1 f6 14. Re1 e5 15. Bf3 $44 {0-1
Garcia,G-Hodgson,J/Philadelphia 2000/EXT 2001 (63)}) 13. Bf3 {1-0 Delgado,
N-Dominguez,L/Santa Clara 2000/CBM 78/[Baburin] (22)}) 10... Nd7 {transforming
to 9...Nb8 10.0-0 Nd7 variation.} (10... Nxf3+ 11. Bxf3 Bd7 (11... g6 12. Qd4
f6 13. Re1 Kf7 14. Bf4 Qc7 15. Re3 Bg7 16. Rae1 Re8 $13 {1/2-1/2 Nun,
J-Jirovsky,P/CZE 1996/EXT 2000 (36)}) 12. Be3 Rc8 13. Bd4 Rc7 14. Re1 $44 {
1-0 Ye Jiangchuan-Mas,H/Yangon 1999/EXT 2000 (57)}) (10... g6 11. Nxe5 dxe5 12.
a4 Bd7 13. Qb3 Qc7 14. Rd1 O-O-O (14... Bg7 15. Bg5 $1) 15. a5 $44 {1-0
Feoktistov,A-Yagupov,I/Tula 2001/EXT 2002 (28)}) 11. Rb1 a6 12. Re1 Nf6 $6 $146
{Dubious novelty. Black weakened the b6 square and would be punished for it,
if white played right. In this variation black usually occupies the c5 square
with the knight:} (12... Nc5 13. Be3 Qc7 14. Rb4 e5 15. dxe6 fxe6 $13 {0-1
Skrobek,R-Schmidt,W/Warsaw 1978/EXT 2001 (36)}) 13. Nd4 $2 {White's idea was
to prevent from black the castle, opening the "e" file for the rook.
Unfortunately, this idea wasn't good enough. White had much more attractive
option:} (13. c4 $1 g6 (13... Qxa2 14. Bd3 Qa5 15. Be3 $44) 14. Be3 {[%cal
Ge3b6]} Qc7 (14... Bg7 15. Bb6 Qxa2 16. Ra1 Qb2 17. Bd4 Qb4 18. Ra4) 15. Bb6
Qd7 16. Bd3 Bg7 17. Qe2 $44 {Black's position is very bad. His pieces are
paralized, he doesn't succeed to complete the advantage, even to castle he
can't...}) 13... g6 (13... Qxd5 14. Bf3) (13... Nxd5 14. Nb3 Qxa2 15. Rb2 Nxc3
16. Qd4 Qa4 17. Qxc3 $16) 14. Bf3 Bg7 15. c4 $6 {Another inaccuracy. White
position isn't still worse after} (15. Qb3 Qc7 16. a4 (16. Qa4+ Bd7 17. Qb4 b5
18. Qa3 $13) 16... O-O 17. Qb4 $13) 15... O-O 16. Rxe7 Qxa2 17. Rb3 $2 {
Serious mistake, which allows black to get a solid advantage. The main idea of
this move was to play Bc1-a3 on the next move, catching the black queen. Of
course, I calculated the next move of black, but I overlooked the 19-th
black's move.} ({Better was} 17. Rb4 Qa5 (17... a5 18. Ra4) 18. Ra4 (18. Qe1
Nd7) 18... Qd8 19. Re1 $15) (17. Qb3 Qxb3 18. Rxb3 $15 (18. Nxb3 Bf5 19. Rb2
Rfe8 $17)) 17... Nd7 $1 18. Ree3 $2 {Another mistake, after it black gets
winning position.} ({That's what I planned to play on 17...Nd7:} 18. Ba3 Bxd4
19. Re2 Qa1 {This move was absolutely out of my calculations...} 20. Qxa1 Bxa1
21. Bxd6 Rd8 (21... f6 $19) 22. Bc7 Nc5 23. Ra3 Rd7 24. Bb6 Bd4 25. Rd2 Re7 26.
Be2 a5 27. Rxd4 Nd7 $19 (27... Rxe2 28. Kf1)) (18. Rb4 Qa5 19. Rb1 Ne5 $19) (
18. Qc2 Qxc2 19. Nxc2 Ne5 20. Be2 Bf6 21. Rc7 Bd8 $17) 18... Qa4 $1 $19 {
[%cal Gd7c5,Ga4c4,Yg7d4] All the white's pieces are tied down, as a result of
it white is going to lose another pawn... and his position becomes lost.} 19.
Nc2 Qxc4 20. Ba3 Ne5 $2 {gives white some chance.} ({More simple was} 20... Qc7
$19) 21. Bxd6 (21. Be2 {doesn't change anything:} Qc7 22. Rec3 Qe7 (22... Qd8
23. f4 Nd7 24. Bxd6) 23. Rb6 Rd8 24. f4 Ng4 $19) 21... Nxf3+ 22. Rxf3 $2 {
Decisive mistake.} ({Last chance was} 22. gxf3 Bf5 (22... Rd8 23. Rb4 Qa2 24.
Ra3 Qxa3 25. Nxa3 Rxd6 26. Nc4 $13) 23. Na3 Qa4 24. Bxf8 Bxf8 $17) 22... Bg4
23. Bxf8 ({A little more resistant was} 23. Ne3 Bxf3 24. gxf3 Qc8 25. Bxf8 Bxf8
$19) 23... Qxb3 $19 24. Bxg7 Bxf3 25. gxf3 Kxg7 26. Qd4+ f6 27. Qe4 Qb1+ 28.
Kg2 Rf8 {Black is exchange and pawn up, he is going to neutralize the danger
of pushing forward of white "d" pawn, so everything he needs to win the game
is to play carefully.} 29. d6 Rf7 30. h4 (30. Qd5 Qb5) 30... Qb6 31. Qe6 Qc5
32. h5 Qg5+ {The most exact decision. The rest is very simple.} ({While} 32...
Qxh5 {was strong enough as well.} 33. d7 Qg5+ $19 {[%cal Gg5d2]}) 33. Kf1 Qxh5
34. f4 Qd1+ 35. Ne1 a5 36. Kg2 a4 37. Nf3 Qb3 38. Qe4 Rd7 39. Nd4 Qb6 40. Ne6+
Kf7 41. Qd5 Qxd6 42. Ng5+ Kg7 0-1

[Event "Tel Aviv Last Autumn"]
[Site "Tel Aviv"]
[Date "2002.11.04"]
[Round "3"]
[White "Erenburg, Sergey"]
[Black "Kundin, Alexander"]
[Result "1-0"]
[WhiteElo "2494"]
[BlackElo "2429"]
[Annotator "Erenburg,S"]
[PlyCount "99"]
[EventDate "2002.11.01"]
[EventType "tourn"]
[EventRounds "9"]
[EventCountry "ISR"]
[EventCategory "8"]
[SourceTitle "CBM 092"]
[Source "ChessBase"]
[SourceDate "2003.02.06"]
[SourceVersion "1"]
[SourceVersionDate "2003.02.06"]
[SourceQuality "1"]

{[%mdl 4096]} 1. e4 c5 2. Nf3 d6 3. c3 Nf6 4. Be2 {The white's main idea of
that variation is to take control over the center with the next simple plan:
0-0, Bb5+,Re1 and d4. Svidler: 'Winants: Peter Svidler qui souhaitait
probablement éviter un débat théorique, sur le thème des grandes variantes de
la défense sicilienne, choisit ici un système peu connu, mais néanmoins très
dangereux.  L'intérêt du dispositif, réside dans son élasticité. D'abord, il
faut envisager la formation d'une phalange de pions au centre de l'échiquier,
ensuite, songer au développement pianissimo du début italien (d3 suivi
éventuellement de 0-0, Re1, Nbd2) et finalement, tenir compte de l'attaque
Rossolimo en différé avec l'échec sur b5. ' Svidler: 'Winants: Peter Svidler
qui souhaitait probablement éviter un débat théorique, sur le thème des
grandes variantes de la défense sicilienne, choisit ici un système peu connu,
mais néanmoins très dangereux.  L'intérêt du dispositif, réside dans son
élasticité. D'abord, il faut envisager la formation d'une phalange de pions au
centre de l'échiquier, ensuite, songer au développement pianissimo du début
italien (d3 suivi éventuellement de 0-0, Re1, Nbd2) et finalement, tenir
compte de l'attaque Rossolimo en différé avec l'échec sur b5. '} g6 {There are
some other options for black:} (4... Nxe4 $2 5. Qa4+ {[%cal Ra4e4,Ra4e8]}) ({
One of them is to capture the e4 pawn, owing to white gets a strong initiative.
For instance:} 4... Nc6 5. d4 {Svidler: 'Un gambit prometteur imaginé par
Michael Basman.' Svidler: 'Un gambit prometteur imaginé par Michael Basman.'}
cxd4 6. cxd4 Nxe4 7. d5 Qa5+ 8. Nc3 Nxc3 9. bxc3 Nd8 (9... Ne5 10. Nxe5 Qxc3+
11. Bd2 Qxe5 12. O-O $44 {avec d'excellentes compensations pour les pions
sacrifiés, Basman,M-Stean,M Hastings 1973}) 10. O-O e5 11. dxe6 Nxe6 12. Nd4
$44 {1-0 Hodgson,J-Suba,M/Blackpool 1990/CBM 18 (41)}) (4... Nbd7 {See 1-0
Svidler,P-Kasparov,G/Tilburg 1997/CBM 61[Svidler] (37) La réponse habituelle.
D'autres possibilités seraient:}) 5. O-O Bg7 6. Bb5+ {Svidler: 'Une idée du
grand-maître Philippin Eugenio Torre, que l'on retrouve dans les parties de
Michael Adams.' Svidler: 'Une idée du grand-maître Philippin Eugenio Torre,
que l'on retrouve dans les parties de Michael Adams.'} Bd7 (6... Nbd7 {1-0
Adams,M-Van Wely,L/Wijk aan Zee 1996/CBM 51/[Wahls] (52)}) (6... Nc6 {1-0
Anand,V-Gelfand,B/Groningen 1997/CBM 63/[Anand] (37)}) 7. Bxd7+ Qxd7 (7...
Nbxd7 8. Re1 Ne5 9. d4 Nxf3+ 10. Qxf3 Nd7 11. d5 $14 {1-0 Huebner,
R-Landenbergue,C/SUI 2001/EXT 2002 (35)}) 8. Re1 Nc6 9. d4 cxd4 10. cxd4 d5 11.
e5 Ne4 12. Nc3 $5 (12. Nbd2 {This move is a more popular one, but probably
leads only to an equal position.}) 12... Nxc3 13. bxc3 O-O 14. h4 (14. Bf4 Rac8
15. Ng5 Nd8 16. Qd3 Rc6 17. Bd2 f6 18. exf6 exf6 19. Nh3 Ne6 20. Re2 Re8 21.
Rae1 Rcc8 22. Qb1 b5 23. Qd3 Nc7 24. Nf4 Rxe2 25. Rxe2 {1/2-1/2 Yudasin,
L-Wojtkiewicz,A/EUCup G7 1997/CBM 62}) 14... Rac8 (14... h5 {preventing h4-h5.}
15. Qd3 Nd8 16. Bd2 Rc8 17. Reb1 Rc7 18. a4 Ne6 19. Rb5 {[%csl Rd5][%cal Yd3b1,
Yb1b3,Gb3d5,Gb5d5]} Rfc8 20. Qb1 Nd8 21. Ne1 {White knight is going to d3.} Kh7
22. Nd3 {[%csl Gd3]} Bh6 23. Bxh6 Kxh6 24. Qa2 Rc4 25. e6 $1 $16 {1-0 Ye
Jiangchuan-Wang Pin/Shanghai 2000/CBM 76/[King] (33) This game seems to me
very important for this variation.}) (14... Qg4 $2 15. Qb3 {[%csl Rb7,Rd5]
[%cal Gb3d5,Gb3b7]}) (14... Nd8 $5) (14... f6 $5) 15. h5 Nd8 $6 $146 (15... Na5
{1-0 Timman,J-Van Wely,L/Breda 1998/CBM 65/[Van Wely] (41)}) 16. Qd3 Ne6 17. h6
$1 {[%csl Rg7] After this move black plays just without a bishop. This
continuation looks like very logical, so I was surprised when I discovered
that nobody played h5-h6 in such positions before me.} Bh8 18. Bd2 Rc4 19. Reb1
b5 {Black tries to keep a space on the queen side thus white would not to play
on two sides.} 20. Ne1 {[%cal Ye1c2,Yc2e3] This manouevre is a typical one for
this structure. From e3 white knight controls almost all the center.} a6 {
supporting the b5 pawn.} 21. Nc2 Rfc8 22. g3 $6 {[%csl Re4,Rf3,Rg4,Rh3] This
move weakens all white squares in white's camp. Before playing this move,
white has to defend his pawn on c3.} (22. Ne3 $6 Nf4) (22. f4 $2 Nxf4) (22. Rb3
$142 $1 {[%csl Gc3][%cal Ya1f1,Yf2f4,Yg2g3]}) 22... f6 (22... Ng5 $5 23. Rb3 (
23. Bxg5 $2 Rxc3) 23... Ne4 24. Ne3 $13 (24. Be1 $5 $13)) 23. f4 fxe5 24. fxe5
Ng5 $1 {This key move should have been seen before white's playing 23.g3.} 25.
Ne3 {Taking control over all weak white squares.} ({Deserved attention} 25. Rf1
$5 Ne4 (25... Qg4 26. Nb4) 26. Rf3 Nxc3 27. Bxc3 Rxc3 28. Qxc3 Rxc3 29. Rxc3
Qh3 30. Rf1) 25... Nf3+ $2 {[%mdl 16384]} (25... Ne4 $2 26. Nxc4 bxc4 27. Qe3
Qh3 28. Rf1 Nxg3 29. Qf3) (25... R4c6 26. a4 $1) (25... Rf8 $6 26. Rf1) (25...
R4c7 $5 {came to consideration} 26. a4) 26. Kg2 Nxd2 27. Qxd2 Rxc3 {Black is a
pawn up, but his bishop is absolutely out of the game. White has more than
sufficient compensation for the pawn.} 28. Rb3 $1 {[%cal Ya1f1]} ({The mistake
was to play} 28. Rf1 $2 {[%tqu "En","Find the strongest move for black.","","",
"h8e5","",10]} Bxe5 $1 {[%mdl 64]} 29. dxe5 d4 30. Rf3 $8 (30. Qf2 Qe6) 30...
Qb7 31. Qxd4 Rc2+ 32. Nxc2 Rxc2+ 33. Kh3 (33. Kg1 Qxf3 34. Qd8+ Kf7 35. Rf1
Rg2+) 33... Qxf3 34. Qd8+ Qf8 (34... Kf7 35. e6+ Kxe6 36. Re1+ Re2 37. Qg8+ $11
) 35. Rd1 $1 Rc8 (35... Rf2 36. e6) 36. Qxf8+ Kxf8 37. e6 Ke8 38. Rf1 Rc6 $11)
28... R3c6 {Of course, black hasn't any interest to change his playable piece,
because he will stay only with two playable ones. Also black doesn't want to
open the "a" line for white, therefore he played 28...R3c6.} (28... Rxb3 29.
axb3 {[%cal Ga1a6]}) (28... Qc6 $2 29. Qxc3 ({as well good} 29. Rf1) 29... Qxc3
30. Rxc3 Rxc3 31. Nxd5 $18) 29. Rf1 Qe6 $6 (29... g5 30. Qf2 Qe6 31. Qf3 {
attacking the d5 pawn.}) (29... e6 30. Rb2 Qc7 31. Qb4 $44 {with following
Rb2-f2}) 30. Rb2 Rf8 $2 (30... Rd8 $142 31. Qf2 ({good enough as well} 31. a4)
31... Rcc8 {with passive defence.}) 31. Rxf8+ Kxf8 32. Qd1 {[%csl Rd5,Rf8,Rh8]
[%cal Gb2f2,Gd1f3]} Ke8 $138 ({Black cannot play} 32... Bf6 {because of} 33.
Qf3) 33. Rf2 $6 (33. Qf3 $142 {[%cal Re3d5,Yf3d5]} Rc3 34. Nxd5 Rxf3 35. Nc7+
Kd7 36. Nxe6) (33. a4 {as well leads to a big advantage.}) 33... Bf6 34. exf6
$138 {After Sasha and me got into the time-trouble, of course, we have started
to make more mistakes.  After two next moves black saved his position
reasonable:} (34. Qb3 Bg5 35. Nxd5 {[%cal Rb3e6]} Qg4 $1) (34. Qf3 Bg5 35. Nxd5
{[%cal Rf3c6]} Rc8 $1) 34... Qxe3 35. Re2 {[%cal Re2e7]} Qxh6 (35... Qc3 $2 36.
Rxe7+ Kf8 37. Rxh7 {with winning position}) 36. Rxe7+ Kd8 (36... Kf8 37. Qe2
$18 {with unavoidable threat Re8.}) 37. Ra7 $2 {This mistake throws away all
of my advantage.} (37. Qe2 $1 {[%cal Re2e8]} Qf8 38. Re6 $1 $16 {[%cal Ye6a6,
Ge2e5,Ge2e6] /+-} (38. Qg4 Rd6) 38... Rxe6 39. Qxe6 Kc7 40. Qxa6) 37... Rc1 {
[%csl Rd1][%cal Yh6c1,Rh6h1,Yc1h1]} (37... Qc1 $2 38. Qxc1 Rxc1 39. f7 $18) (
37... Rxf6 $4 38. Qc2 {[%cal Gc2c7]}) (37... Qe3 $2 38. f7 Qe4+ 39. Kg1 Qe3+
40. Kh2 (40. Kh1 Qe4+) 40... Qh6+ (40... Qf2+ 41. Kh1) 41. Kg2) {Actually when
I was playing 37.Ra7 I intended after 37...Rc1 to react 38.Qe2, but I
overlooked simple 38...Qh1!} 38. Rxh7 $8 (38. Qe2 $4 Qh1+ $19) 38... Rxd1 $2 {
It is the black's turn to make a mistake.} ({Black could achieve a draw with
the next simple way:} 38... Qe3 $142 39. Re7 (39. Rh8+ Kc7 40. Re8 Qh6 41. Rh8
$11 (41. Qxc1+ Qxc1 42. f7 $11)) 39... Qxg3+ 40. Kxg3 Rxd1 41. Re6 Kd7 42. f7
Rf1 43. Rxa6 Rxf7 $11) (38... Qxh7 39. Qxc1 {White has a good chance to win
this endageme, because of strong pawn f6.}) 39. Rxh6 $18 {[%csl Gf6][%cal
Rh6g6,Yg3g4,Yg4g5] It's unbelievable, but this endgame is winning for white!
White is going to push the "g" pawn, connecting the pawns and making them the
decisive factor in this endgame.} Ke8 (39... Kd7 40. Rxg6 Ke6 41. g4 Kf7 42.
Rh6 Rxd4 43. Kf3 $18) 40. Rxg6 Kf7 41. Rh6 b4 (41... Rxd4 42. Kf3 {[%cal Gg3g4]
} Ra4 43. g4 Rxa2 44. g5 $18) 42. g4 Rxd4 43. Kg3 Rd2 44. g5 {[%csl Gf6,Gg5]
This position is simply a technical winning one.} Rc2 45. Rh7+ Kg8 46. f7+ Kf8
47. g6 Ke7 48. Rh8 Rc3+ 49. Kg4 Rc4+ 50. Kg5 1-0

[Event "Wch U20"]
[Site "Nakhchivan"]
[Date "2003.06.25"]
[Round "6"]
[White "Erenburg, Sergey"]
[Black "Murariu, Andrei"]
[Result "1/2-1/2"]
[WhiteElo "2499"]
[BlackElo "2348"]
[Annotator "Erenburg,S"]
[PlyCount "81"]
[EventDate "2003.06.22"]
[EventType "swiss"]
[EventRounds "13"]
[EventCountry "AZE"]
[SourceTitle "CBM 096"]
[Source "ChessBase"]
[SourceDate "2003.09.25"]
[SourceVersion "1"]
[SourceVersionDate "2003.09.25"]
[SourceQuality "1"]

1. e4 c5 2. Nf3 d6 3. c3 Nf6 4. Be2 g6 {Black has the option to play} (4... Nc6
{, which is connected with capturing pawn on e4, while white gets the
initiative.} 5. d4 cxd4 6. cxd4 Nxe4 7. d5 Qa5+ 8. Nc3) 5. O-O Bg7 6. Bb5+ Bd7
{Black has the following possibilities:} (6... Nc6 {1-0 Anand,V-Gelfand,B/
Groningen 1997/CBM 63/[Anand] (37)}) (6... Nbd7 7. Re1 a6 8. Bf1 O-O (8... Ne5
9. d4 Nxf3+ 10. Qxf3 Nd7 11. Rd1 O-O 12. Be3 Qc7 13. Nd2 b6 14. Rac1 Bb7 15.
Qh3 Rac8 16. d5 Rfe8 17. Bh6 e6 18. Bxg7 Kxg7 19. c4 $14 {Adams,M-Van Wely,L/
Wijk ann Zee 1996}) 9. d4 e5 10. dxe5 Nxe5 11. Bg5 Qb6 12. Nxe5 dxe5 13. Qc2
Be6 $10 {Kengis,E-Lukin.A Groningen op(3) 1991 1/2 27}) 7. Bxd7+ Nfxd7 {
Quite rare continuation. Much more popular} (7... Qxd7 8. Re1 O-O 9. d4 Na6 10.
d5 (10. e5 $5) 10... c4 11. Nbd2 Nc5 12. Nxc4 Ncxe4 13. a4 Nc5 14. Ne3 Qd8 15.
Ra3 $14 {Adams,M-Anand,V Dortmund 1996}) (7... Nbxd7 8. Qe2 (8. Re1 O-O 9. h3
Qc7 10. d4 $14 {1-0 Timman,J-Kotter,R/Germany 2000/CBM 82 ext (67)}) 8... e5 9.
d4 exd4 10. cxd4 O-O $14 {0-1 Timman,J-Boensch,U/Germany 1999/EXT 2000 (28)})
8. d4 O-O 9. Be3 {White succeded to occupy the center with pawns on d4 and e4,
which was the main idea of this variation. On the other hand, black is ready
to create the counterplay on the queenside immediately, pushing forward his
"b" pawn, thus attacking white center and opening the "b" file for his rook.}
Nc6 10. Nbd2 {Nothing promises} (10. h3 b5 11. Nbd2 a5 12. Qe2 b4 13. d5 $6 Na7
14. Rac1 Qb6 $13 {0-1 Romanishin,O-Tukmakov,V/Simferopol 1988/CBM 11 (36)})
10... b5 11. Qe2 $146 {In the previous games white tried} (11. dxc5 Nxc5 12.
Qe2 a6 {1/2-1/2 Malaniuk,V-Huzman,A/Kiev 1989/CBM 15 (12)}) (11. Nb3 cxd4 12.
Nfxd4 Nxd4 13. Nxd4 (13. cxd4 d5 $1) 13... a6 14. Nc6 (14. a4 $14) 14... Qe8
15. a4 $14 {0-1 Sepp,O-Schandorff,L/Tallinn 1989/EXT 97 (43)}) (11. Rb1 a5 12.
d5 Nce5 13. Nxe5 Nxe5 $11 {0-1 Radibratovic,P-Kosanovic,G/Kladovo 1990/TD (38)}
) 11... b4 $6 ({Deserves attention} 11... Rb8 12. Nb3 $5 $14) 12. d5 $1 Na5 {
Even worse than the move in the game:} (12... Nce5 13. cxb4 cxb4 (13... Nxf3+
14. Nxf3 cxb4 15. Nd4 $16) 14. Nd4 Nc5 15. f4 Ned3 16. Nc6 Qd7 17. Nc4 $18 {
[%cal Ga1d1]}) 13. cxb4 cxb4 14. Nd4 (14. Rab1 $5 Nc5 15. Rfc1 Rc8 16. Rc2 $14
{[%cal Gb1c1]}) 14... Nc5 15. Rac1 Qd7 16. b3 {Profilactic move. White
prepares to transfer the knight from d4 to c6.} (16. f3 {comes to
consideration.}) (16. Rc2 Qb7 (16... f5 17. exf5 gxf5 18. N4f3) 17. Rfc1 f5 18.
Rxc5 dxc5 19. Ne6 Rfc8 20. Nxg7 Kxg7 21. Bxc5 Kg8 $13) 16... Qb7 17. f3 f5 18.
Kh1 (18. Nc4 Nxc4 19. Qxc4 fxe4 20. fxe4 Rxf1+ 21. Rxf1 Nxe4 22. Nc6 Nc3 23.
Nxb4 $14) ({Probably the most attractive option was} 18. Rfe1 fxe4 19. fxe4 $14
Nxe4 $2 20. Nxe4 Qxd5 21. Qd3 $1 e5 22. Qb5 Qxe4 23. Ne6 $18) 18... Rac8 19.
Rfe1 Rf7 $6 {allows white to occupy the c6 square on the spot.} ({Better was} 
19... a6 20. Rc2 $14 {[%cal Ge1c1]} (20. Bg1 Bh6)) 20. Nc4 Nxc4 21. Qxc4 fxe4
22. fxe4 Rcf8 23. Nc6 $16 {White's advantage became quite obvious. He realized
the plan of occupying the stronghold c6 by the knight and is going to win
material.} (23. Ne6 Nxe6 24. dxe6 Rf6 $13) 23... Bc3 24. Red1 Nd7 25. Bxa7 (25.
Bd4 $6 Bxd4 26. Qxd4 Nc5 27. Nxb4 Rf2) 25... Ne5 26. Nxe5 Bxe5 27. Be3 $6 ({
White should prevent the exchange of the bishops.} 27. Bg1 $16) 27... Bf4 $1 {
Without bishops black's chances for a draw are higher.} 28. Bxf4 Rxf4 29. h3 (
29. Rf1 $16 {was possible continuation.}) 29... Qb6 30. Rd4 Rf2 31. Qxb4 Qa6 $1
(31... Qxb4 {provides to RR endgame with good chances for white.} 32. Rxb4 Rxa2
33. Rb7 Rf7 34. Rcc7 Rf1+ 35. Kh2 Rff2 36. Kg3 Rxg2+ 37. Kf4 $16) 32. Rd2 $2 {
allows to black to get the draw on the spot.} ({Better was} 32. Qc3 Qxa2 33.
Ra4 Qe2 34. Qg3 Rf1+ 35. Rxf1 Rxf1+ 36. Kh2 Qd1 37. Qe3 $16) 32... Rf1+ 33.
Rxf1 Qxf1+ 34. Kh2 Qf4+ 35. g3 Qe3 36. Rg2 Rf2 37. Qb5 ({Nothing changes} 37.
Qc4 Qf3 38. Rxf2 Qxf2+ 39. Kh1 Qf3+ 40. Kg1 Qxg3+ 41. Kf1 Qxh3+ 42. Ke1 h5 {
and black can struggle even for a win!}) 37... Qf3 ({Of course not} 37... Qd2
38. Qf1 $1) 38. Qe8+ Kg7 39. Qxe7+ Kh6 40. Qh4+ Kg7 41. Qe7+ 1/2-1/2

[Event "Pamplona 9394 4th"]
[Site "Pamplona"]
[Date "1993.??.??"]
[Round "8"]
[White "Seret, Jean Luc"]
[Black "Greenfeld, Alon"]
[Result "0-1"]
[WhiteElo "2450"]
[BlackElo "2590"]
[Annotator "Ernst,T"]
[PlyCount "78"]
[EventDate "1993.12.??"]
[EventType "tourn"]
[EventRounds "9"]
[EventCountry "ESP"]
[EventCategory "10"]
[SourceTitle "CBM 039"]
[Source "ChessBase"]
[SourceDate "1994.04.01"]
[SourceVersion "1"]
[SourceVersionDate "1994.04.01"]
[SourceQuality "1"]

1. e4 c5 2. Nf3 d6 3. c3 Nf6 4. Be2 g6 5. O-O Bg7 6. Re1 (6. Bb5+ Bd7 7. Bxd7+
Nbxd7 8. Qe2 Ne5 9. d4 Nxf3+ 10. Qxf3 cxd4 11. cxd4 O-O 12. Nc3 Nd7 $13 {
Lutz,C-Tischbierek,R/Dortmund op-A/1992/}) 6... O-O 7. Bf1 Nc6 (7... Bg4) 8. h3
(8. Na3 e5 9. Nc4 Re8 10. d3 h6 11. a4 (11. Nfd2 Be6 12. g3 d5 13. exd5 Nxd5
14. Ne4 b6 $10 {Lutz,C-Stohl,I/Rimavska Sobota/1991/}) 11... d5 12. exd5 Nxd5
$10 {Visser,Y-Grosar,A/Groningen op/1991/}) (8. d3 h6 9. a3 e5 10. b4 a6 11.
Nbd2 b5 12. Nb3 a5 $15 {Manor,I-Greenfeld,A/Tel Aviv/1991/}) (8. d4 cxd4 9.
cxd4 Bg4 10. d5 Ne5 11. Nbd2 Qa5 12. Re3 $13 {Kamber,B-Nemet,I/SWZ-GP Suhr/
1991/}) 8... e5 9. d3 h6 (9... Re8 10. Bg5 h6 11. Bxf6 Qxf6 12. Na3 Qd8 $10 {
Hodgson,JM-Khalifman,A/London WFW/1991/}) 10. a3 d5 11. Qc2 c4 $5 12. dxc4 dxe4
13. Nh2 Nd7 14. b4 (14. Qxe4 $2 Nc5 15. Qc2 Bf5 $19) 14... f5 15. a4 Nf6 16.
Nd2 Be6 17. Ba3 Qc7 18. c5 Qf7 19. b5 Ne7 20. f3 exf3 21. Nhxf3 Nd7 22. a5 a6
23. c6 bxc6 24. b6 c5 25. Rab1 Bd5 26. Nb3 Rfc8 27. Red1 e4 28. b7 exf3 29.
bxa8=Q Rxa8 30. Nxc5 (30. gxf3 Ne5 $44) 30... Ne5 31. Na4 Be4 32. Qf2 Nd5 33.
Nb6 Nxc3 34. Nxa8 Nxb1 35. Bb2 fxg2 36. Bxg2 Nd3 $1 37. Rxd3 Bxd3 $19 38. Bxg7
Qxg7 39. Nc7 Qxc7 0-1